000 00619nam a2200217 a 4500
005 20240316063855.0
008 991125 mx 000 0 spa u
020 _a9706113177
035 _aUPN01000015329
049 _aI
050 4 _aPZ8.7 D5.98
100 1 _aDisney, Walt,
_d1901-1966
245 1 0 _aDiciembre /
_ctr. Jorge Anaya Roa
260 _aMéxico :
_bGrolier$bSalvat
300 _a53 p. :
_bil., col
440 3 _aUn cuento para cada día
534 _aTraducción de:$t Story a day : winter
650 2 _aCuentos de aventuras
_99134
650 4 _aLITERATURA DE ENTRETENIMIENTO
905 _aInfantil
999 _c15329
_d15329